Normal view
MARC view
- ACOUSTIC EMISSION TESTING
Entry Topical Term
001 - CONTROL NUMBER
- control field: 63944
003 - CONTROL NUMBER IDENTIFIER
- control field: NUST
005 - DATE AND TIME OF LATEST TRANSACTION
- control field: 20210628203213.0
008 - FIXED-LENGTH DATA ELEMENTS
- fixed length control field: 210628|| aca||aabn | a|a d
040 ## - CATALOGING SOURCE
- Original cataloging agency: NUST
- Transcribing agency: NUST
150 ## - HEADING--TOPICAL TERM
- Topical term or geographic name entry element: ACOUSTIC EMISSION TESTING
670 ## - SOURCE DATA FOUND
- Source citation: Work cat.: (NUST): Yamaguchi, Kusuo, Roget, James, Sachse, Wolfgang 63943, Acoustic emission current practice and future directions, 1991
